000 00573nam a2200229Ia 4500
003 OSt
005 20220924135414.0
006 a|||||r|||| 00| 0
007 ta
008 220923b |||||||| |||| 00| 0 ben d
024 _a291025
037 _cTextual
040 _aARTS
_cARTS
_bben
041 _2ben
_aben
082 _aO15,1A2, 157J6.1-.1
100 _aDas
245 0 _aSachitra astadash parbo mahabharat
260 _c1956
650 _aSANSKRIT LITERATURE
942 _hO15,1A2, 157J6.1-.1
_cTEXL
_2CC
999 _c440622
_d440622